| 000 | 00632pab a2200205 454500 | ||
|---|---|---|---|
| 008 | 180718b2017 xxu||||| |||| 00| 0 eng d | ||
| 100 | _aAlford, Matthew | ||
| 245 | _aMulti-scalar labour agency in global production networks: contestation and crisis in the South African fruit sector | ||
| 260 | _c2017 | ||
| 300 | _ap.721-745. | ||
| 362 | _aJul | ||
| 650 | _aLabour standards - South Africa | ||
| 650 | _aWorking conditions - South Africa | ||
| 650 | _aFruit - South Africa | ||
| 650 | _aFruit | ||
| 700 | _aVisser, Margareet | ||
| 700 | _aBarrientos, Stephanie | ||
| 773 | _aDevelopment and Change | ||
| 909 | _a115369 | ||
| 999 |
_c115363 _d115363 |
||